000 00418nam a2200157 4500
001 143964
003 ES-MaACL
005 20230906200921.0
007 t|
008 070214s1913 xxk r ||||1| eng d
100 1 _aShaw, Bernard.
_9106025
245 1 4 _aThe irrational Knot /
_cby Bernard Shaw.
260 _aLondon :
_bConstable and Co.,
_c1913.
300 _aXXI, 7-422 p. ;
_c20 cm.
852 _aES-MaACL
_jF-2158
999 _c143964
_d143964